000 01297cam a22003737i 4500
001 17856555
003 ARRUPE
005 20160421114053.0
008 130819s2013 enk bf 001 0 eng d
010 _a 2013948263
015 _aGBB381729
_2bnb
016 7 _a016494037
_2Uk
020 _a0199644659
020 _a9780199644650
035 _a(OCoLC)ocn830367873
040 _aYDXCP
_beng
_cYDXCP
_erda
_dBTCTA
_dUKMGB
_dERASA
_dOIP
_dOXF
_dCFT
_dCUD
_dNYP
_dOCLCF
_dDLC
042 _alccopycat
050 0 0 _aBX2747.3
_b.O94 2013
082 0 0 _a211/.8
_223
100 _aBullivant, Stephen
_923993
245 0 4 _aThe Oxford handbook of atheism /
_cedited by Stephen Bullivant and Michael Ruse.
250 _aFirst edition.
260 _aOxford
_bOxford University Press
_c2013
300 _axvi, 763 pages ;
_c26 cm
490 0 _aOxford handbooks
500 _aSeries statement from dust jacket.
504 _aIncludes bibliographical references and index.
650 0 _aAtheism
_vHandbooks, manuals, etc.
_923994
700 1 _aBullivant, Stephen Sebastian,
_d1984-,
_eeditor.
_923995
700 1 _aRuse, Michael,
_eeditor.
_913209
906 _a0
_bibc
_ccopycat
_d2
_encip
_f20
_gy-gencatlg
942 _2lcc
_cMONOGRAPH
999 _c124669
_d124669